000 00688nam a2200217 i 4500
001 26812
003 ES-MaACL
005 20230906153515.0
007 t|
008 030110s1972 sp ||||1| spa d
080 _a821.134.2(72)-34"19"
100 1 _aArreola, Juan José.
_923260
245 1 0 _aMujeres, animales y fantasías mecánicas /
_cJuan José Arreola ; selección y prólogo de Jorge Arturo Ojeda.
260 _a[Barcelona] :
_bTusquets,
_c[1972]
300 _a106 p. ;
_c19 cm.
490 1 _aCuadernos marginales ;
_v28
700 1 _aOjeda, Jorge Arturo.
_986605
830 1 _aCuadernos marginales ;
_v28
_9181404
852 _aES-MaACL
_jC-50023
999 _c26812
_d26812